| Tag |
First Indicator |
Second Indicator |
Subfields |
| LEADER |
00000cam a2200000Ka 4500 |
| 001 |
in00002406021 |
| 005 |
20151109093132.0 |
| 008 |
080324s1973 dcua b f000 0 eng d |
| 035 |
|
|
|a (OCoLC)ocn213811121
|
| 040 |
|
|
|a MUU
|c MUU
|d TXA
|d UtOrBLW
|
| 049 |
|
|
|a TXAM
|
| 086 |
0 |
|
|a NS 1.31:73-310
|
| 245 |
0 |
0 |
|a Graduate science enrollment declines 2 percent from 1971 to 1972 /
|c National Science Foundation ; [prepared in the Universities and Nonprofit Institutions Studies Group, Division of Science Resources Studies.
|
| 264 |
|
1 |
|a Washington, D.C. :
|b National Science Foundation,
|c 1973.
|
| 300 |
|
|
|a 3 pages, 1 unnumbered page :
|b illustrations ;
|c 27 cm.
|
| 336 |
|
|
|a text
|b txt
|2 rdacontent
|
| 337 |
|
|
|a unmediated
|b n
|2 rdamedia
|
| 338 |
|
|
|a volume
|b nc
|2 rdacarrier
|
| 490 |
1 |
|
|a Science resources studies highlights ;
|v NSF 73-310
|
| 500 |
|
|
|a Caption title.
|
| 500 |
|
|
|a "August 16, 1973."
|
| 504 |
|
|
|a Includes bibliographical references.
|
| 650 |
|
0 |
|a Universities and colleges
|z United States.
|
| 650 |
|
0 |
|a Graduate students in science
|z United States.
|
| 650 |
|
0 |
|a School enrollment
|z United States.
|
| 710 |
2 |
|
|a National Science Foundation (U.S.).
|b Universities and Nonprofit Institutions Studies Group.
|
| 830 |
|
0 |
|a Science resources studies highlights ;
|v NSF 73-310.
|
| 948 |
|
|
|a cataloged
|b h
|c 2008/08/11
|e pkellar
|f 4:05:32 pm
|
| 994 |
|
|
|a C0
|b TXA
|
| 948 |
|
|
|a cataloged
|b h
|c 2008/08/11
|e pkellar
|f 4:05:08 pm
|
| 999 |
|
|
|a MARS
|
| 999 |
f |
f |
|s 2085c997-30b3-3bc9-99a8-14bee1720478
|i fcac6bb3-dbd7-306a-b458-4dc59d7fbbb4
|t 0
|
| 952 |
f |
f |
|p normal
|a Texas A&M University
|b College Station
|c Sterling C. Evans Library
|d Evans: US Documents (Annex 5th floor)
|t 0
|e NS 1.31:73-310
|h Superintendent of Documents classification
|i unmediated -- volume
|m A14838295165
|
| 998 |
f |
f |
|a NS 1.31:73-310
|t 0
|l Evans: US Documents (Annex 5th floor)
|